000 00768nam a2200193Ia 4500
005 20251020182520.0
008 200515s9999 xx 000 0 und d
082 _a69.05/G18
100 _aGALABRU, Paul
245 0 _aTratado de procedimientos generales de construcción : maquinaria general en obras y movimientos de tierra
260 _aBarcelona
260 _c1973
500 _a1 ejemplar
520 _aTratado mas extenso que desarrolla los procedimientos generales de construcción. En este tomo se describe la maquinaria usada en los movimientos de tierra, tales como: grúas, maquinarias de elevación a brazo, dragas, traíllas, dragalinas, etc.
650 _aLIB
650 _aMAQUINARIAS Y EQUIPOS
650 _aMOVIMIENTO DE TIERRAS
942 _cLIB
999 _c1720
_d1720